000 00687nam a2200229 a 4500
001 578
003 BR-CuiBMT
005 20231109205253.0
008 231109s2008 mgb 000 0 por d
020 _a9788577001392
040 _aBR-CuiBMT
_cBR-CuiBMT
080 _22007
_a342.9
090 _a342.9
_bA485t
100 1 _aAmaral, Antônio Carlos Cintra do
245 _aTeoria do ato administrativo /
_cAntônio Carlos Cintra do Amaral ; prefácio, Celso Antônio Bandeira de Mello.
260 _aBelo Horizonte :
_bFórum,
_c2008.
300 _a122 p.:
_c22 cm
504 _aInclui bibliografia.
650 _aDireito administrativo
650 _aAto adminstrativo
942 _2udc
_cLV
999 _c578
_d578